01342cam a2200349 a 450000100100000000500170001000800410002701000130006802000150008103500200009604000230011604200140013904300210015308200220017410000280019624501030022426000500032730000320037750000140040950000210042350000940044450400520053865000470059065100520063771000410068971000420073071000400077291000280081204900090084095201260084999900170097500001165520200929162521.0871123s1984 onca b 000 0 eng d a87063352 a0870944657 a(OCoLC)17829214 aDO-SdBNPcDLCdDLC alccopycat an-us---an-cn--- a658.500973bB929m1 aBuffa, Elwood S.92760410aMeeting the competitive challenge :bmanufacturing strategy for U.S. companies /cElwood S. Buffa. aHomewood, Illinois :bDow Jones-Irwin,c1984. axi,190 p. :bill. ;c23 cm. a"CAC 58." a"February 1988." aSponsored by C.D. Howe Institute (Canada) and the National Planning Association (U.S.A.). aIncludes bibliographical references (p. 51-53). 4aAdministración de la producción927605 4aEstados UnidosxCondiciones Económicas9160822 aC.D. Howe Research Institute.9276062 aNational Planning Association.9276072 aCanadian-American Committee.927608 aCatalogación derivada aBNGR 001052708MOaGRbGRcCTd2009-10-22iLF1l0o658.500973 B929mp11655-10r2020-06-25w2020-06-25y2ZPréstamo interno c11343d11343